Widok standardowy
Widok MARC
Pozycja Geographic Name
Liczba rekordów, w których użyto hasła: 1
001 - Numer kontrolny
- control field: 39458
003 - Identyfikator numeru kontrolnego
- control field: NUKAT
005 - Data i czas ostatniej modyfikacji
- control field: 20260402131631.0
008 - Dane kontrolne kodowane (40 znaków)
- fixed length control field: 190618n||azznnbabn |a ana |
010 ## - Numer kontrolny Biblioteki Kongresu
- numer kontrolny LC: p 2019041312
034 ## - CODED CARTOGRAPHIC MATHEMATICAL DATA
- Coordinates - westernmost longitude: E0175531
- Coordinates - easternmost longitude: E0175531
- Coordinates - northernmost latitude: N0504020
- Coordinates - southernmost latitude: N0504020
- Source: geonames
035 ## - Numer systemowy
- numer systemowy: (PL)a1000000036666
040 ## - Instytucja sporządzająca rekord
- inst. przygot. dane do rek. khw: WA N
- język haseł przedmiotowych/tezaurus: DBN
- inst. wprow. rek. khw: WA N
043 ## - Kod obszaru geograficznego
- ISO code: DE
- ISO code: PL
045 2# - Okres czasu dla hasła
- okr. czasu od 9999 pne do n.e.: d1919
- okr. czasu od 9999 pne do n.e.: d1938
151 ## - Hasło - nazwa geograficzna
- nazwa geograficzna: Górny Śląsk (prowincja ; 1919-1938)
368 ## - Other Attributes
- Juris type: Prowincje
451 ## - Trop zob. - nazwa geograficzna
- nazwa geograficzna: Oberschlesien (prowincja)
451 ## - Trop zob. - nazwa geograficzna
- nazwa geograficzna: Provinz Oberschlesien
551 ## - Trop zob. też - nazwa geograficzna
- podpole kontrolne: g
- nazwa geograficzna: Prusy
551 ## - Trop zob. też - nazwa geograficzna
- podpole kontrolne: h
- nazwa geograficzna: Rejencja opolska (1815-1945)
670 ## - Źródło informacji
- źródło informacji: Oberschlesien / Herstellung Geograph. Institut Carl Flemming u. C. T. Wiskott. - Berlin, [1922].
670 ## - Źródło informacji
- źródło informacji: WEP
670 ## - Źródło informacji
- źródło informacji: Wikipedia